Loading...
| Fine Arts - Auditory Fine Arts | 1 | 4 | 0 | 1 | 55 | 81 | 117.60 | 4 | 5 |
| Science - Other Science | 0 | 7 | 3 | 1 | 55 | 77 | 108.14 | 3 | 7 |
| History - American History | 2 | 3 | 1 | 0 | 55 | 71 | 98.40 | 1 | 5 |
| Fine Arts - Visual Fine Arts | 0 | 5 | 0 | 1 | 50 | 100 | 126.00 | 2 | 5 |
| Literature - American Literature | 0 | 5 | 0 | 0 | 50 | 87 | 121.20 | 2 | 5 |
| Literature - World Literature | 0 | 5 | 0 | 0 | 50 | 85 | 115.80 | 2 | 5 |
| Philosophy | 0 | 4 | 0 | 1 | 40 | 114 | 128.50 | 0 | 4 |
| Science - Chemistry | 0 | 4 | 1 | 0 | 35 | 113 | 127.00 | 0 | 4 |
| Literature - British Literature | 2 | 1 | 1 | 0 | 35 | 46 | 77.33 | 2 | 3 |
| Social Science | 1 | 3 | 2 | 0 | 35 | 49 | 93.00 | 0 | 4 |
| History - World History | 0 | 3 | 0 | 2 | 30 | 120 | 134.67 | 0 | 3 |
| History - European History | 1 | 1 | 0 | 1 | 25 | 64 | 101.50 | 0 | 2 |
| Literature - European Literature | 0 | 2 | 0 | 1 | 20 | 150 | 152.00 | 0 | 2 |
| Geography | 0 | 3 | 2 | 1 | 20 | 108 | 133.67 | 1 | 3 |
| Mythology | 0 | 2 | 0 | 0 | 20 | 94 | 108.00 | 0 | 2 |
| Science - Biology | 0 | 2 | 1 | 0 | 15 | 135 | 139.00 | 0 | 2 |
| Other Academic | 0 | 2 | 1 | 0 | 15 | 120 | 131.50 | 0 | 2 |
| Religion | 0 | 1 | 0 | 0 | 10 | 116 | 116.00 | 0 | 1 |
| Current Events | 0 | 1 | 0 | 1 | 10 | 133 | 133.00 | 0 | 1 |
| Science - Physics | 0 | 1 | 0 | 0 | 10 | 75 | 75.00 | 1 | 1 |
| History - Ancient History | 0 | 0 | 0 | 0 | 0 | 0.00 | 0 | 0 |